| 000 | 00444pab a2200169 454500 | ||
|---|---|---|---|
| 008 | 180718b2014 xxu||||| |||| 00| 0 eng d | ||
| 100 | _aSingh, Aprajeeta | ||
| 245 | _aSelf help groups and women empowerment in India | ||
| 260 | _c2014 | ||
| 300 | _ap.37-44. | ||
| 362 | _aJan-Dec | ||
| 650 | _aSelf help - India | ||
| 650 | _aWomen - India | ||
| 650 | _aSelf help | ||
| 773 | _aBihar Journal of Public Administration | ||
| 909 | _a110755 | ||
| 999 |
_c110750 _d110750 |
||